000 00497nam a2200193Ia 4500
005 20250508150648.0
008 008 250505s9999 xx 000 0 eng d
037 _aTextual
040 _aFEDL
_beng
_cFEDL
041 _aeng
_2eng
084 _a157.9, BER
_qFEDL
100 _aBerne Eric
245 0 _aMind in action
260 _aLondon, UK
_bJohn Lehmann
_c1949
300 _a348p
650 _aAbnormal psychology
942 _cTEXL
_h157.9, BER
999 _c1324886
_d1324886